<?xml version="1.0" encoding="UTF-8"?>
<collection xmlns="http://www.loc.gov/MARC21/slim">
 <record>
  <leader>02318nam a2200277 a 4500</leader>
  <controlfield tag="001">1/45139</controlfield>
  <controlfield tag="008">140729s2001    us            001 0 eng  </controlfield>
  <datafield tag="020" ind1=" " ind2=" ">
   <subfield code="a">9781928994329</subfield>
  </datafield>
  <datafield tag="020" ind1=" " ind2=" ">
   <subfield code="a">1928994326</subfield>
  </datafield>
  <datafield tag="035" ind1=" " ind2=" ">
   <subfield code="l">48097</subfield>
  </datafield>
  <datafield tag="040" ind1=" " ind2=" ">
   <subfield code="a">OPELS</subfield>
   <subfield code="b">eng</subfield>
   <subfield code="c">OPELS</subfield>
   <subfield code="d">OCLCQ</subfield>
   <subfield code="d">GR-PeUP</subfield>
  </datafield>
  <datafield tag="245" ind1="0" ind2="0">
   <subfield code="a">Palm OS Web application developer's guide</subfield>
   <subfield code="h">[electronic resource] :</subfield>
   <subfield code="b">developing and devilering PQAs and Web clipping /</subfield>
   <subfield code="c">Ben Combee ... [et al.].</subfield>
  </datafield>
  <datafield tag="260" ind1=" " ind2=" ">
   <subfield code="a">Rockland, Mass. :</subfield>
   <subfield code="b">Syngress Media ;</subfield>
   <subfield code="a">London :</subfield>
   <subfield code="b">International Thomson (distributor),</subfield>
   <subfield code="c">c2001.</subfield>
  </datafield>
  <datafield tag="300" ind1=" " ind2=" ">
   <subfield code="a">1 online resource (xxix, 529 p.) :</subfield>
   <subfield code="b">ill.</subfield>
  </datafield>
  <datafield tag="520" ind1=" " ind2=" ">
   <subfield code="a">With an 80% hand-held device market-share, the Palm Organizer is the platform of choice for Mobile Internet application developers. With its decision to license the Palm OS to rival device manufacturers such as Sony, Motorola, and Handspring, Palm has further strengthened its claim as the industry standard for Mobile Computing architecture. Palm OS Web Application Developers Guide provides step-by-step instructions on how to migrate existing HTML to the Palm platform. The book will be useful for webmasters looking to convert current web pages. It is also ideal for C and Java programmers interested in building more dynamic applications from the ground up. The CD-ROM includes all the source code from book, PQA executable file and Palm OS emulators A timely release: With 8 million devices in use, thousands of developers are moving into this lucrative market Topic appeals to many segments of the market, including application developers, Internet Service Providers, and HTML proficient power-users Covers Web Clipping which has the power to convert existing HTML to the PQA format Focuses on the key challenges of creating web pages for a small viewing area in black and white.</subfield>
  </datafield>
  <datafield tag="500" ind1=" " ind2=" ">
   <subfield code="a">Includes index.</subfield>
  </datafield>
  <datafield tag="650" ind1=" " ind2="4">
   <subfield code="a">PalmPilot (Computer)</subfield>
   <subfield code="x">Programming.</subfield>
  </datafield>
  <datafield tag="650" ind1=" " ind2="4">
   <subfield code="a">PalmPilot (Computer)</subfield>
   <subfield code="x">Computer programs.</subfield>
  </datafield>
  <datafield tag="650" ind1=" " ind2="4">
   <subfield code="a">Web site development.</subfield>
  </datafield>
  <datafield tag="630" ind1="0" ind2="4">
   <subfield code="a">Palm (Operating system)</subfield>
  </datafield>
  <datafield tag="655" ind1=" " ind2="4">
   <subfield code="a">Electronic books.</subfield>
  </datafield>
  <datafield tag="700" ind1="1" ind2=" ">
   <subfield code="a">Combee, Ben.</subfield>
  </datafield>
  <datafield tag="852" ind1=" " ind2=" ">
   <subfield code="a">INST</subfield>
   <subfield code="b">UNIPILB</subfield>
   <subfield code="c">EBOOKS</subfield>
   <subfield code="e">20140729</subfield>
   <subfield code="p">00b48097</subfield>
   <subfield code="q">00b48097</subfield>
   <subfield code="t">ONLINE</subfield>
   <subfield code="y">0</subfield>
  </datafield>
  <datafield tag="856" ind1="4" ind2="0">
   <subfield code="3">ScienceDirect</subfield>
   <subfield code="u">http://www.sciencedirect.com/science/book/9781928994329</subfield>
  </datafield>
  <datafield tag="856" ind1="4" ind2=" ">
   <subfield code="d">/webopac/covers/03/48097_9781928994329.jpg</subfield>
  </datafield>
  <datafield tag="856" ind1="4" ind2=" ">
   <subfield code="d">/webopac/covers/03/48097_1928994326.jpg</subfield>
  </datafield>
 </record>
</collection>
